| 000 | 00773nam a2200229 a 4500 | ||
|---|---|---|---|
| 005 | 20230318063635.0 | ||
| 008 | 071008s2006 mx r 000 0 spa d | ||
| 020 | _a8478272623 | ||
| 020 | _a9788478272624 | ||
| 035 | _aUPN01000152662 | ||
| 049 | _aCG | ||
| 050 | 4 |
_aP53 _bA9.4 2006 |
|
| 245 | 3 |
_aEl aula como espacio de investigación y reflexión : _binvestigaciones en didáctica de la lengua / _cA. Camps ... [et al.]. |
|
| 250 | _a2a ed. | ||
| 260 |
_aBarcelona, Esp. : _bGraó, _c2006. |
||
| 300 | _a223 p. | ||
| 440 | 0 |
_aBibliotca de textos ; _v162. _pDidáctica de la lengua y de la literatura |
|
| 650 | 4 |
_aLenguaje y lenguas _xEstudio y enseñanza _96150 |
|
| 650 | 4 |
_aLINGUISTICA - _xINVESTIGACION _98461 |
|
| 700 | 1 |
_aCamps, Anna, _ecoord. |
|
| 905 | _aLibro | ||
| 999 |
_c124785 _d124785 |
||